|
|
|
|
| LEADER |
00000nab a2200000uu 4500 |
| 001 |
vtls010878270 |
| 003 |
SK-MaSNL |
| 005 |
20260303220453.0 |
| 008 |
230303|2012 xo |||||||||||||||||eng| |
| 015 |
|
|
|a SNBRB
|
| 035 |
|
|
|a (urnnbn)urn:nbn:sk:snk:ar-005uym
|
| 035 |
|
|
|a (uuid)8013462d-d8b2-40d5-944c-df1e5c1382fb
|
| 035 |
|
|
|a urn:nbn:sk:snk-ab7mhw
|
| 040 |
|
|
|a SNKBUCL
|b slo
|c SNKBUCL
|e AACR2
|
| 041 |
0 |
|
|a eng
|
| 044 |
|
|
|a xo
|c SK
|
| 080 |
|
|
|a 663.81
|2 2001
|
| 080 |
|
|
|a 615.27
|2 2001
|
| 100 |
1 |
|
|a Damian, Grigore
|4 aut
|9 1253623
|
| 245 |
1 |
0 |
|a Antioxidant potential and authenticity of some commercial fruit juices studied by EPR and IRMS
|c Grigore Damian, Laura Bolojan, Dana Alina Magdas, Nicoleta Simona Vedeanu
|
| 504 |
|
|
|a Bibliogr. odkazy
|
| 650 |
0 |
7 |
|a ovocné šťavy
|2 SNKPH
|9 82514
|
| 650 |
0 |
7 |
|a antioxidanty
|2 SNKPH
|9 13472
|
| 655 |
|
7 |
|a štúdie
|2 SNKPH
|9 57033
|
| 700 |
1 |
|
|a Magdas, Dana Alina
|4 aut
|9 162218
|
| 700 |
1 |
|
|a Bolojan, Laura
|4 aut
|9 1253624
|
| 700 |
1 |
|
|a Nicoleta Simona Vedeanu
|4 aut
|9 1253621
|
| 773 |
0 |
|
|t Chemical papers
|g Roč. 66, č. 6 (2012), s. [612]-616
|
| 958 |
|
|
|a NB
|
| 958 |
|
|
|a OND
|
| 958 |
|
|
|a EUIPO
|
| 958 |
|
|
|a article8
|
| 999 |
|
|
|c 2227367
|d 2229297
|